NCAA Big 4 Champions (1869-2024) - Statistics

General Stats
  • This quiz has been taken 142 times
    101 since last reset
  • The average score is 75 of 101
Answer Stats
Football
Championships
Basketball
Championships
Baseball
Championships
Hockey
Championships
Team % Correct
16 0 0 0 Alabama
100%
3 0 1 0 Georgia
95%
4 0 0 0 Pennsylvania
95%
1 11 1 0 UCLA
95%
3 1 2 0 California
93%
3 0 0 0 Clemson
93%
0 5 0 0 Duke
93%
3 3 1 0 Florida
93%
3 0 0 0 Florida State
93%
0 4 0 0 Kansas
93%
0 8 0 0 Kentucky
93%
10 1 2 9 Michigan
93%
3 2 0 3 Michigan State
93%
0 1 0 0 Oregon
93%
9 0 12 0 USC
93%
1 0 0 0 Washington
93%
1 1 0 0 Arkansas
90%
3 0 0 0 Georgia Tech
90%
5 0 7 0 LSU
90%
5 0 0 0 Nebraska
90%
4 0 0 0 Pennsylvania State
90%
1 1 2 0 Stanford
90%
4 0 6 0 Texas
90%
18 0 0 1 Yale
90%
2 0 0 0 Auburn
88%
8 0 0 1 Harvard
88%
0 5 0 0 Indiana
88%
1 0 0 0 Iowa
88%
5 0 4 0 Miami
88%
13 0 0 0 Notre Dame
88%
9 1 1 0 Ohio State
88%
0 0 3 0 Oregon State
88%
0 1 1 0 Virginia
88%
0 1 0 6 Wisconsin
88%
0 1 4 0 Arizona
85%
0 0 5 0 Arizona State
85%
1 0 0 0 Colorado
85%
1 1 0 0 Maryland
85%
6 0 3 5 Minnesota
85%
0 6 0 0 North Carolina
85%
0 2 0 0 North Carolina State
85%
7 0 2 0 Oklahoma
85%
2 0 1 0 Tennessee
85%
0 1 0 0 UNLV
85%
0 3 0 0 Villanova
85%
0 1 0 0 Baylor
83%
0 3 0 0 Louisville
83%
5 0 0 0 Pittsburgh
83%
15 0 0 0 Princeton
83%
1 1 0 0 Syracuse
83%
0 1 0 0 Wyoming
83%
0 0 0 5 Boston College
80%
0 6 0 0 Connecticut
80%
2 0 0 0 Texas A&M
80%
0 0 2 0 Vanderbilt
80%
1 0 0 0 BYU
78%
0 2 1 0 Oklahoma State
78%
0 0 2 0 South Carolina
78%
3 0 0 0 Army
75%
0 0 0 10 Denver
75%
3 0 0 0 Illinois
75%
1 0 1 0 Mississippi
75%
0 0 1 0 Missouri
75%
0 0 0 8 North Dakota
75%
0 1 0 0 Utah
75%
0 2 0 0 Cincinnati
73%
3 0 0 2 Cornell
73%
1 0 0 0 Rutgers
73%
0 1 0 0 Georgetown
70%
0 0 1 0 Mississippi State
70%
0 0 1 0 Rice
70%
1 0 0 0 TCU
70%
0 0 1 0 Wake Forest
70%
0 0 0 5 Boston University
65%
0 0 0 1 Massachusetts
65%
0 0 1 0 Fresno State
63%
0 0 0 2 Maine
63%
0 2 0 0 San Francisco
63%
0 1 0 0 UTEP
63%
0 0 1 0 Coastal Carolina
60%
0 0 0 1 Western Michigan
60%
0 0 0 3 Michigan Tech
58%
0 0 4 0 California State Fullerton
53%
0 1 0 0 Loyola Chicago
53%
0 1 0 0 Marquette
50%
0 1 1 0 Holy Cross
48%
0 0 0 3 Minnesota Duluth
48%
0 0 0 1 Providence
48%
0 0 1 0 Wichita State
48%
0 0 0 3 Lake Superior State
45%
0 0 0 1 Bowling Green
43%
1 0 0 0 Chicago
43%
0 1 0 0 La Salle
43%
0 0 0 1 Northern Michigan
43%
0 1 0 0 City College Of New York
40%
0 0 1 0 Pepperdine
38%
0 0 0 1 Quinnipiac
38%
0 0 0 2 Rensselaer
33%
0 0 0 1 Union
28%
1 0 0 0 Lafayette
25%
0 0 0 2 Colorado College
20%
No matching quizzes found
Score Distribution
Percent of People with Each Score
Percentile by Number Answered
Your Score History
You have not taken this quiz since the last reset